Music : (Record no. 29825)
[ view plain ]
| 000 -LEADER | |
|---|---|
| fixed length control field | 00369nam a22001451a 4500 |
| 082 ## - DEWEY DECIMAL CLASSIFICATION NUMBER | |
| Classification number | 780.1 |
| Item number | PRA/M |
| 100 ## - MAIN ENTRY--AUTHOR NAME | |
| Personal name | Prajnanananda Swami |
| 245 ## - TITLE STATEMENT | |
| Title | Music : |
| Sub Title | its form function and value/ |
| Statement of responsibility, etc | by Prajnanananda Swami |
| 260 ## - PUBLICATION, DISTRIBUTION, ETC. (IMPRINT) | |
| Place of publication | New Delhi: |
| Name of publisher | Munshiram Manoharlal, |
| Year of publication | 1979. |
| 300 ## - PHYSICAL DESCRIPTION | |
| Number of Pages | 181p. |
| 650 ## - SUBJECT ADDED ENTRY--TOPICAL TERM | |
| Topical Term | Music Theory |
| 650 ## - SUBJECT ADDED ENTRY--TOPICAL TERM | |
| Topical Term | Music |
| 650 ## - SUBJECT ADDED ENTRY--TOPICAL TERM | |
| Topical Term | Arts |
| 942 ## - ADDED ENTRY ELEMENTS (KOHA) | |
| Koha item type | Book |
| Withdrawn status | Lost status | Damaged status | Not for loan | Permanent Location | Current Location | Date acquired | Cost, normal purchase price | Full call number | Accession Number | Cost, replacement price | Price effective from | Koha item type |
|---|---|---|---|---|---|---|---|---|---|---|---|---|
| Sree Sankaracharya University of Sanskrit | Sree Sankaracharya University of Sanskrit | 08.01.2015 | 150.00 | 780.1 PRA/M | 021941 | 0.00 | 08.01.2015 | Book |